000
00311nam a22001457a 4500
020
_a
1-8442-2751-0
082
_a
823
_b
KIR/I
100
_a
KIRK, DAVID
245
_a
I'LL FLY AWAY
260
_a
UK
_b
LADYBIRD
300
_a
34
520
_a
ENGLISH SHORT STORY
650
_a
ENGLISH SHORT STORY
_z
UK
942
_c
BK
999
_c
4980
_d
4980